| 000 | 01150 a2200217 4500 | ||
|---|---|---|---|
| 001 | 24655 | ||
| 005 | 20260407155530.0 | ||
| 008 | 260407a1979 arg spa d | ||
| 003 | AR-UNSa-BCEJYS | ||
| 040 |
_aAR-UNSa-BCEJYS _bspa _cAR-UNSa-BCEJYS |
||
| 080 |
_a657.3 _xPresupuestos. Cierre de Cuentas. Balances (Estados Contables) |
||
| 245 | 1 | 0 | _aAnálisis e interpretación de estados contables |
| 250 | _a4a. ed. | ||
| 264 | 1 |
_aBuenos Aires : _bEdiciones Macchi _c1979 |
|
| 300 |
_a338 p. _c23 cm. |
||
| 505 | _a1. Objetivos y destinatarios - 2. Antecedentes y evolución - 3. Fuentes de información - 4. Ajuste integral de estados contables por inflación - 5. Metodología del análisis e interpretación de estados contables - 6. Rentabilidad - Definición y clasificación - 7. Rentabilidad - Estructura - 8. Capital de Trabajo - Definición y enfoques - 9. Capital de trabajo - Enfoque financiero - 10. Indices de liquidez - 11. Indice de endeudamiento - 12. Inmovilización - 13. Análisis de un caso. | ||
| 942 | _cBK | ||
| 590 | _aniveau_biblio:m niveau_hierar:0 | ||
| 100 | 1 | _aTelias, Alejandro J. | |
| 700 | 1 | _aSenderovich, Isaac Aizik | |
| 999 |
_c1211 _d1211 |
||